| 000 | 00456 a2200169 4500 | ||
|---|---|---|---|
| 001 | 189440 | ||
| 020 | _a978-85-7013-064-8 | ||
| 040 | _cMagnum | ||
| 100 | _aMaciel, Maria Lucia | ||
| 240 | 1 | 0 |
_aInformação e desenvolvimento _lpor |
| 245 | 1 | 0 | _aInformação e desenvolvimento |
| 300 | _a388 | ||
| 362 | 0 | _a2007 | |
| 440 | 1 | _aIbict | |
| 697 | _aRELALÇÕES INTERNACIONAIS, POLÍTICA MUNDIAL. POLÍTICA INTERNACIONAL. POLÍTICA EXTERNA | ||
| 942 | _cBK | ||
| 999 |
_c189440 _d189440 |
||